<?xml version="1.0" encoding="UTF-8"?>
<record
    xmlns:xsi="http://www.w3.org/2001/XMLSchema-instance"
    xsi:schemaLocation="http://www.loc.gov/MARC21/slim http://www.loc.gov/standards/marcxml/schema/MARC21slim.xsd"
    xmlns="http://www.loc.gov/MARC21/slim">

  <leader>01347nam a22001697a 4500</leader>
  <controlfield tag="003">SGT</controlfield>
  <datafield tag="020" ind1=" " ind2=" ">
    <subfield code="a">9781259097980</subfield>
  </datafield>
  <datafield tag="082" ind1=" " ind2=" ">
    <subfield code="a">332.10954,KHA</subfield>
  </datafield>
  <datafield tag="100" ind1=" " ind2=" ">
    <subfield code="a">KHAN,MY</subfield>
  </datafield>
  <datafield tag="245" ind1=" " ind2=" ">
    <subfield code="a">INDIAN FINANCIAL SYSTEM</subfield>
  </datafield>
  <datafield tag="250" ind1=" " ind2=" ">
    <subfield code="a">8TH</subfield>
  </datafield>
  <datafield tag="260" ind1=" " ind2=" ">
    <subfield code="a">NEW DELHI</subfield>
    <subfield code="b">TMH</subfield>
    <subfield code="c">2013</subfield>
  </datafield>
  <datafield tag="300" ind1=" " ind2=" ">
    <subfield code="a">V.P</subfield>
  </datafield>
  <datafield tag="650" ind1=" " ind2=" ">
    <subfield code="a">FINANCIAL ECONOMICS</subfield>
  </datafield>
  <datafield tag="653" ind1=" " ind2=" ">
    <subfield code="a">PART 1 : THE BACKGROUND 1.       FINANCIAL SYSTEMS: FUNCTIONS AND STRUCTURE/ORGANISATION 2.       INDIAN FINANCIAL SYSTEM&#x2014;AN OVERVIEW PART 2 : FINANCIAL MARKETS 3. FUNCTIONS AND ORGANISATION 4. REGULATORY FRAMEWORK &#x2013; PRIMARY MARKET 5. REGULATORY FRAMEWORK &#x2013; SECONDARY MARKET 6. PRIMARY MARKET ORGANISATION: INTERMEDIARIES 7. PRIMARY MARKET ORGANISATION: ACTIVITIES/PROCEDURES 8. SECONDARY/STOCK MARKET ORGANISATION 9. MONEY MARKETS PART 3 : FINANCIAL INTERMEDIARIES 10. PRUDENTIAL AND EXPOSURE NORMS RELATING TO CREDIT/ADVANCE AND INVESTMENT PORTFOLIOS OF BANKS 11. MANAGEMENT OF NON-PERFORMING ASSETS 12. PRUDENTIAL NORMS RELATING TO CAPITAL ADEQUACY: BASEL II FRAMEWORK 13. RISK MANAGEMENT IN BANKS 14. NON-BANKING FINANCIAL COMPANIES 15. MUTUAL FUNDS: REGULATIONS AND OPERATIONS 16. INSURANCE ORGANISATION PART 4  CAPITAL MARKET INSTRUMENTS 17. CAPITAL MARKET INSTRUMENTS PART 5 PRIVATE FOREIGN INVESTMENT 18. FOREIGN DIRECT INVESTMENTS 19. OTHER FORMS OF FOREIGN INVESTMENT IN INDIA/ABROAD</subfield>
  </datafield>
  <datafield tag="942" ind1=" " ind2=" ">
    <subfield code="2">ddc</subfield>
    <subfield code="c">FCM</subfield>
  </datafield>
  <datafield tag="952" ind1=" " ind2=" ">
    <subfield code="0">0</subfield>
    <subfield code="1">0</subfield>
    <subfield code="2">ddc</subfield>
    <subfield code="4">0</subfield>
    <subfield code="7">0</subfield>
    <subfield code="8">CM</subfield>
    <subfield code="a">SSSL</subfield>
    <subfield code="b">SSSL</subfield>
    <subfield code="c">DISPLAY</subfield>
    <subfield code="d">2016-06-15</subfield>
    <subfield code="e">UBSPD</subfield>
    <subfield code="g">450.00</subfield>
    <subfield code="i">SGTU</subfield>
    <subfield code="l">6</subfield>
    <subfield code="o">332.10954,KHA</subfield>
    <subfield code="p">CM367</subfield>
    <subfield code="r">2019-12-07 00:00:00</subfield>
    <subfield code="s">2019-11-18</subfield>
    <subfield code="w">2014-10-21</subfield>
    <subfield code="y">FCM</subfield>
    <subfield code="k">362357</subfield>
  </datafield>
  <datafield tag="952" ind1=" " ind2=" ">
    <subfield code="0">0</subfield>
    <subfield code="1">0</subfield>
    <subfield code="2">ddc</subfield>
    <subfield code="4">0</subfield>
    <subfield code="7">0</subfield>
    <subfield code="8">CM</subfield>
    <subfield code="a">SSSL</subfield>
    <subfield code="b">SSSL</subfield>
    <subfield code="c">DISPLAY</subfield>
    <subfield code="d">2016-06-15</subfield>
    <subfield code="e">UBSPD</subfield>
    <subfield code="g">450.00</subfield>
    <subfield code="i">SGTU</subfield>
    <subfield code="l">4</subfield>
    <subfield code="o">332.10954,KHA</subfield>
    <subfield code="p">CM368</subfield>
    <subfield code="r">2019-10-22 00:00:00</subfield>
    <subfield code="s">2019-09-24</subfield>
    <subfield code="w">2014-10-21</subfield>
    <subfield code="y">FCM</subfield>
    <subfield code="k">362357</subfield>
  </datafield>
  <datafield tag="999" ind1=" " ind2=" ">
    <subfield code="c">9057</subfield>
    <subfield code="d">9057</subfield>
  </datafield>
</record>
